Statistics for One Piece - Characters by images

Click here to take the quiz!

General Stats

  • This quiz has been taken 276 times
  • The average score is 128 of 305

Answer Stats

Answer% Correct
Monkey D. Luffy
100%
Nami
100%
Nico Robin
100%
Roronoa Zoro
100%
Vinsmoke Sanji
100%
Gol D. Roger
99%
Usopp
99%
Boa Hancock
98%
Charlotte Linlin
98%
Donquixote Doflamingo
98%
Edward Newgate
98%
Jinbe
98%
Marshall D. Teach
98%
Portgas D. Ace
98%
Shanks
98%
Tony Tony Chopper
98%
Trafalgar D. Law
97%
Buggy
96%
Kaidou
96%
Marco
96%
Monkey D. Garp
95%
Dracule Mihawk
94%
Silvers Rayleigh
92%
Akainu
91%
Franky
91%
Sabo
91%
Brook
90%
Crocodile
90%
Monkey D. Dragon
89%
Charlotte Katakuri
88%
Kozuki Oden
88%
Nefertari Vivi
88%
Enel
87%
Arlong
86%
Bartholomew Kuma
86%
Going Merry
85%
Koby
85%
Smoker
85%
Aokiji
84%
Yamato
83%
Bentham
82%
Kizaru
82%
Rob Lucci
82%
Emporio Ivankov
81%
Gecko Moria
78%
Killer
78%
Sengoku
78%
Alvida
77%
Laboon
77%
Eustass Kidd
75%
Kozuki Momonosuke
75%
Zeff
75%
Carrot
73%
Galdino
73%
Perona
73%
Bartolomeo
72%
Foxy
72%
King
72%
Kuro
72%
Queen
71%
Donquixote Rosinante
70%
Fujitora
70%
Charlotte Pudding
69%
Daz Bonez
69%
Magellan
69%
Bepo
68%
Tashigi
68%
Bellamy
67%
X Drake
67%
Caesar Clown
66%
Jewelry Bonney
66%
Shirahoshi
65%
Basil Hawkins
64%
Don Krieg
64%
Kin'emon
64%
Yasopp
64%
Hody Jones
62%
Rebecca
62%
Capone Bege
61%
Kaku
61%
Vinsmoke Reiju
61%
Iceburg
60%
Wapol
60%
Helmeppo
58%
Morgan
57%
Jack
56%
Kuina
56%
Blueno
54%
Kalifa
54%
Cavendish
53%
Pica
53%
Karoo
52%
Nefertari Cobra
52%
Scratchmen Apoo
52%
Bell-mère
51%
Curly Dadan
51%
Gin
51%
Jaguar D. Saul
51%
Koala
51%
Sogeking
51%
Thousand Sunny
51%
Charlotte Cracker
50%
Fisher Tiger
50%
Kureha
50%
Monet
50%
Pedro
50%
Pell
50%
Jozu
49%
Neptune
49%
Shiki
49%
Spandam
49%
Vinsmoke Judge
49%
Charlotte Perospero
48%
Shimotsuki Ryuma
48%
Baby 5
47%
Hina
47%
Lucky Roux
47%
Mont Blanc Noland
47%
Tom
47%
Vergo
47%
Benn Beckman
46%
Makino
46%
Sugar
46%
Hatchan
45%
Jango
44%
Jesus Burgess
44%
Mr. 5
44%
Oars
44%
Shiryu
44%
Black Maria
43%
Caribou
43%
Edward Weevil
43%
Urouge
43%
Vinsmoke Yonji
43%
Kaya
42%
Nojiko
42%
Senor Pink
42%
Sentomaru
42%
Camie
41%
Charlotte Oven
41%
Kurozumi Orochi
41%
Charlotte Smoothie
40%
Crocus
40%
Vinsmoke Niji
40%
Absalom
39%
Viola
39%
Charlotte Brulée
38%
Charlotte Lola
38%
Pandaman
38%
Paulie
38%
Trebol
38%
Vista
38%
Brogy
37%
Izou
37%
Kokoro
37%
Portgas D. Rouge
37%
Ulti
37%
Leo
36%
Vinsmoke Ichiji
36%
Raizo
35%
Tama
35%
Dorry
34%
Kanjuro
34%
Little Oars Jr.
34%
Nekomamushi
34%
Diamante
33%
Gaimon
33%
Kyros
33%
Lord of the Coast
33%
Tsuru
33%
Van Der Decken
33%
Saint Charlos
32%
Mr. 4
31%
Catarina Devon
30%
Hiriluk
30%
Inuarashi
30%
Jabra
30%
Miss Valentine
30%
Dalton
29%
Zunesha
29%
Buffalo
28%
Hogback
28%
Laffitte
28%
Nico Olvia
28%
Kozuki Hiyori
27%
Pekoms
27%
Who's-Who
27%
Inazuma
26%
Thatch
26%
Zala
26%
Clover
25%
Denjiro
25%
Doc Q
25%
Otohime
25%
Pappag
25%
Shakky
25%
Vinsmoke Sora
25%
Ashura Doji
24%
Boa Marigold
24%
Genzo
24%
Hyogoro
24%
Miss Merry Christmas
24%
Mont Blanc Cricket
24%
Page One
24%
Chinjao
23%
Kikunojo
23%
Wanda
23%
Gan Fall
22%
Hannyabal
22%
Lao G
22%
Sanjuan Wolf
22%
Boa Sandersonia
21%
Charlotte Daifuku
21%
Conis
21%
Dellinger
21%
Gaban
21%
Higuma
21%
Shinobu
21%
Van Augur
21%
Chadros Higelyges
20%
Igaram
20%
Kawamatsu
20%
Kuroobi
20%
Riku Doldo III
20%
Hack
19%
Kozuki Toki
19%
Avalo Pizarro
18%
Miss Goldenweek
18%
Morgans
18%
Patty
18%
Sai
18%
Toko
18%
Vasco Shot
18%
Chew
17%
Duval
17%
Gladius
17%
Hajrudin
17%
Mansherry
17%
Richie
17%
Tamago
17%
Momonga
16%
Sadi
16%
Wyper
16%
Bluejam
15%
Chaka
15%
Charlotte Mont-d'Or
15%
Kalgara
15%
Shushu
15%
Woop Slap
15%
Dalmatian
14%
Orlumbus
14%
Rockstar
14%
Satori
14%
Charlotte Opera
13%
Fukaboshi
13%
Kumadori
13%
Aladine
12%
Demalo Black
12%
Domino
12%
Giolla
12%
Fukurou
11%
Gedatsu
11%
Koza
11%
Sasaki
11%
Shu
11%
Speed
11%
Squard
11%
Surume
11%
Bastille
10%
Charlotte Flampe
10%
Pound
10%
Banchina
9%
Blue Gilly
9%
Elizabello II
9%
Kashi
9%
Machvise
9%
Marguerite
9%
Oimo
9%
Tsurujo
9%
Blamenco
8%
Con D. Oriano
8%
Porchemy
8%
Shirley
8%
Charlotte Amande
7%
Charlotte Galette
7%
Charlotte Snack
7%
Daruma
7%
Kung-Fu Dugong
7%
Megalo
7%
Namur
7%
Peepley Lulu
7%
Tilestone
7%
Vito
7%
Zambai
7%
Zeo
7%
Babanuki
6%
Dosun
6%
Shimotsuki Yasuie
6%
Charlotte Praline
5%
Holed'em
5%
Hyouzou
5%
Shishilian
5%
Bacura
4%
Daifugo
4%
Ikaros Much
4%

Score Distribution

Percentile by Number Answered

Percent of People with Each Score

Your Score History

You have not taken this quiz